Gibt es diese Filme wirklich? - Sudden Death - Statistiken

Allgemein
  • Dieses Quiz wurde 180 mal gespielt
  • Das Durchschnittsergebnis liegt bei 2 aus 20
Answers on the Grid
Answers color-coded by a green-red scale on the quiz's grid according to % correct below.
Killer Sofa
ThanksKilling
Zombiber
Angriff der Killertomaten
Velocipastor
Shark Exorcist
Santa Claus Conquers the Martians
Killer Klowns from Outer Space
The Gingerdead Man
Microwave Massacre
I Bought a Vampire Motorcycle
Killer Piñata
Megapiranha
Attack of the Killer Donuts
Der Angriff der Killertische
Birdemic: Shock and Terror
2-Headed Shark Attack
6-Headed Shark Attack
Sharknado
Sharktopus
Attack of the Vegan Cannibals
Space Lobsters from Jupiter
Grandma Chainsaw Christmas
The Refrigerator from Hell
Zombie Goldfish Apocalypse
Chainsaw Crocodiles
Hotdog Massacre
The Accordion of Satan
Space Monkeys
Disco Zombies
Mutant Trucks
Revenge of the Skeleton Fishermen
Fahrstuhl in die Hölle
Jake Frost - Der eiskalte Killer
Das Teil aus dem Sumpf
 
Antwortstatistiken
Antwort % Korrekt
Sharknado
50%
Angriff der Killertomaten
40%
Sharktopus
24%
Megapiranha
16%
Zombiber
14%
Killer Klowns from Outer Space
13%
2-Headed Shark Attack
12%
ThanksKilling
12%
Killer Sofa
9%
Attack of the Killer Donuts
7%
6-Headed Shark Attack
6%
Shark Exorcist
6%
The Gingerdead Man
6%
Velocipastor
6%
Birdemic: Shock and Terror
4%
Der Angriff der Killertische
4%
Killer Piñata
4%
I Bought a Vampire Motorcycle
2%
Microwave Massacre
2%
Santa Claus Conquers the Martians
2%
Keine übereinstimmenden Quizze gefunden
Verteilung der Resultate
Anzahl Personen mit jedem Resultat
Perzentil nach korrekt beantworteten Fragen
Ihre Resultats-Entwicklung
Sie haben dieses Quiz noch nicht gespielt